Funktion, Begriff, Bedeutung (Record no. 173541)

MARC details
000 -LEADER
campo de control de longitud fija 00730nam a22002175i 4500
001 - NÚMERO DE CONTROL
campo de control 173541
003 - IDENTIFICADOR DE NÚMERO DE CONTROL
campo de control ES-MaACL
005 - FECHA Y HORA DE LA ÚLTIMA TRANSACCIÓN
campo de control 20250804082049.0
008 - DATOS DE LONGITUD FIJA--INFORMACIÓN GENERAL
campo de control de longitud fija 091207s1975 gw |||| | ger d
020 ## - NÚMERO INTERNACIONAL ESTÁNDAR DEL LIBRO
Número Internacional Estándar del Libro 3-525-3377-3
080 ## - NÚMERO DE LA CLASIFICACIÓN DECIMAL UNIVERSAL
Número de la Clasificación Decimal Universal 164
100 1# - ENTRADA PRINCIPAL--NOMBRE DE PERSONA
Nombre de persona Frege, Gottlob.
9 (RLIN) 52439
245 10 - MENCIÓN DEL TÍTULO
Título Funktion, Begriff, Bedeutung
Resto del título : fünf logische studien /
Mención de responsabilidad, etc. Gottlob Frege ; herausgegeben und eingleitet von Günther Patzig.
250 ## - MENCION DE EDICION
Mención de edición 4. Aufl.
260 ## - PUBLICACIÓN, DISTRIBUCIÓN, ETC.
Lugar de publicación, distribución, etc. Göttingen :
Nombre del editor, distribuidor, etc. Vandenhoeck & Ruprecht,
Fecha de publicación, distribución, etc. 1975.
300 ## - DESCRIPCIÓN FÍSICA
Extensión 105 p. ;
Dimensiones 19 cm.
650 17 - PUNTO DE ACCESO ADICIONAL DE MATERIA--TÉRMINO DE MATERIA
Término de materia o nombre geográfico como elemento de entrada Lógica matemática
Fuente del encabezamiento o término embne
9 (RLIN) 14697
700 1# - ENTRADA AGREGADA--NOMBRE PERSONAL
Nombre de persona Patzig, Günther.
9 (RLIN) 141741
852 ## - LOCALIZACIÓN
Ubicación ES-MaACL
Número de control de estantería E-13248
Nota libre .- Biblioteca Jacinto Martínez Lacalle
Holdings
Estatus retirado Estado de pérdida Estado de daño No para préstamo Biblioteca de origen Biblioteca actual Ubicación en estantería Fecha de adquisición Fuente de adquisición Total de préstamos Signatura topográfica completa Código de barras Visto por última vez Precio de reemplazo Tipo de ítem Koha
        Biblioteca del Ateneo de Madrid Biblioteca del Ateneo de Madrid Depósito 2 07/12/2009     E-13248 1182120 23/02/2023 23/02/2023 Libro impreso